000
00198 a2200097 4500
020
_a
9781558854963
041
_a
eng
100
_a
Lantigua, John
245
_a
The Lady from Buenos Aires
942
_c
BK
999
_c
11016
_d
11016